1064 1524 1869 1397 1386 1135 1562 1766 1615 1401 1391 1665 1669 1300 1523 1498 1723 1198 1837 1899 1263 1749 1386 1368 1358 1444 1543 1782 1909 1788 1606 1018 1307 1920 1812 1367 1852 1901 1631 1239 1037 1738 1793 1793 1601 1133 1866 1536 1368 1318 1274 1255 1801 1363 1424 1421 1287 1042 1678 1782 1415 1486 1066 1455 1478 1615 1457 1878 1025 1690 1844 1911 1269 1210 1788 1226 1908 1485 1735 1408 1712 1966 1893 1427 1084 1366 1228 1058 1230 1446 1262 1222 1385 1143 1647 1332 1575 1528 1140 BCNSPRNW ULIB Ver.6.0+V

เปลี่ยนเป็นภาษาไทย

Change to English
 แสดงรายละเอียดบรรณานุกรม
  กลับหน้าหลัก

Brief Record : Get Marc (ISO 2709) : E-mail record : QR code < ปิดหน้าต่าง
LEADER : 00000nam 2200000uu 4500
001    13399128383
003     ULIB
008    020711s2562 th a 000 0 tha d
020    ^a9786165653312
060    ^aWW205^bอ332C
100    ^aอรพรรณ อาญาสิทธิ์
245    ^aCOMMON EYELID DISEASES =^bโรคของหนังตาที่พบบ่อย/^cอรพรรณ อาญาสิทธิ์
250    ^aพิมพ์ครั้งที่ 1
260    ^aกรุงเทพฯ :^bสหมิตรพัฒนาการพิมพ์,^c2562
300    ^a220 หน้า;^b26 ซม.
650    ^aหนังตา^xโรค
945    ^p620^l0^i009888
945    ^p620^l0^i009889
945    ^p620^l0^i009890
999    ^aประนอม เกษจรัล
รายการนี้ยังไม่มีแท็ก
คุณยังไม่ได้ล็อกอิน คุณสามารถมีกิจกรรมร่วมกับเว็บไซต์ได้ แต่ต้องล็อกอินก่อน ::
  ล็อกอิน

รายการสื่อสารสนเทศ

ลำดับที่ ประเภท เลขเรียก/บาร์โค้ด สถานที่ สถานะ
1. วิทยาศาสตร์การแพทย์ และสุขภาพ
หนังสือสำรอง
สถานะ=หนังสือสำรอง
WW205 อ332C ฉ.1 
  Barcode: 009888
ห้องสมุดวิทยาเขตสวรรค์ประชารักษ์
►หนังสือทั่วไป
บนชั้น
2. วิทยาศาสตร์การแพทย์ และสุขภาพ
วิทยาศาสตร์การแพทย์ และสุขภาพ
WW205 อ332C ฉ.2 
  Barcode: 009889
ห้องสมุดวิทยาเขตสวรรค์ประชารักษ์
►หนังสือทั่วไป
บนชั้น
3. วิทยาศาสตร์การแพทย์ และสุขภาพ
วิทยาศาสตร์การแพทย์ และสุขภาพ
WW205 อ332C ฉ.3 
  Barcode: 009890
ห้องสมุดวิทยาเขตสวรรค์ประชารักษ์
►หนังสือทั่วไป
บนชั้น

รายการใกล้เคียง
    ผู้แต่ง [อรพรรณ อาญาสิทธิ์]

BibComment


ยังไม่เคยถูกคอมเมนท์

คอมเมนท์ทรัพยากรรายการนี้
  คอมเมนท์: COMMON EYELID DI..


 Copyright 2026. Bcnsprnw @Library